Siglo XIX : II.
Guardado en:
| Formato: | |
|---|---|
| Series: | Historia del arte
|
| Materias: | |
| Etiquetas: |
Agregar Etiqueta
Sin Etiquetas, Sea el primero en etiquetar este registro!
|
| LEADER | 00996ngm a22002895g 4500 | ||
|---|---|---|---|
| 001 | CEM.cems022594 | ||
| 008 | 130507b2001##################0###0#####d | ||
| 005 | 20241108143230.0 | ||
| 245 | 0 | 0 | |a Siglo XIX : |b II. |
| 300 | |a 33'. | ||
| 490 | 0 | |a Historia del arte | |
| 500 | |a En soporte VHS, consultar en ventanilla. | ||
| 505 | 0 | |a El impresionismo como reacción al academicismo. El sensualismo enfrentado con el intelectualismo realista. La libertad, la vibración de la luz contra el claroscuro. Monet, Manet, Renoir, Degas, Cézanne. | |
| 538 | |a Soporte: VHS - Norma: Pal N - Color: Si - Grabación DRD 2001 - Hitachi=2900 | ||
| 082 | 7 | 0 | |/ ART-4 |
| 653 | |a ARTE | ||
| 653 | |a HISTORIA DEL ARTE | ||
| 653 | |a PINTURA | ||
| 653 | |a IMPRESIONISMO | ||
| 653 | |a MONET | ||
| 653 | |a CEZANNE | ||
| 653 | |a RENOIR | ||
| 653 | |a MANET | ||
| 653 | |a DEGAS | ||
| 653 | |a NIVEL PRIMARIO | ||
| 653 | |a NIVEL SECUNDARIO | ||
| 859 | |a CEMS |b BIB. CEMS - Depto. Recursos Didacticos |h 709 |i ART-4 |k DRD |p 1237.12 |t Ej.1 | ||
